LEADER 01289cas--2200397---4500 001 990003652460203316 005 20120418083100.0 011 $a2239-1975 035 $a000365246 035 $aUSA01000365246 035 $a(ALEPH)000365246USA01 035 $a000365246 100 $a20120417a20119999km-y0itay50------ba 101 $aita 102 $aIT 110 $aakazz--|||| 200 1 $aChiesa e storia$fAssociazione italiana dei professori di storia della Chiesa 207 1$aA.1, n.1 (2011)- 210 $aTodi$cTau$d2011- 215 $avolumi$cill.$d24 cm 326 $aAnnuale 606 0 $aChiesa$xStoria$xPeriodici 676 $a270.05 712 02$aAssociazione italiana dei professori di storia della Chiesa 801 0$aIT$bsalbc$gISBD 856 4 $uhttp://www.storiadellachiesa.it/$4.$zAssociazione italiana dei professori di storia della Chiesa 912 $a990003652460203316 958 $aUMA$bFondo$cA.1, n.1 (2011); 959 $aSE 979 $aVITTORIANA$b90$c20120417$lUSA01$h1632 979 $aVITTORIANA$b90$c20120417$lUSA01$h1634 979 $aVITTORIANA$b90$c20120417$lUSA01$h1636 979 $aVITTORIANA$b90$c20120417$lUSA01$h1640 979 $aANNAMARIA$b90$c20120418$lUSA01$h0831 996 $aChiesa e storia$91140074 997 $aUNISA LEADER 01286nam0 2200301 i 450 001 VAN0053846 005 20240326025213.534 010 $a978-08-247-6530-9 100 $a20061001d1977 |0itac50 ba 101 $aeng 102 $aUS 105 $a|||| ||||| 200 1 $aIntegrals and measures$fWashek F. Pfeffer 210 $aNew York$cM. Dekker$d1977 215 $aIX, 259 p.$cill.$d24 cm 410 1$1001VAN0049155$12001 $aMonographs and textbooks in pure and applied mathematics$1210 $aNew York$cDekker$v42 606 $a28-XX$xMeasure and integration [MSC 2020]$3VANC019878$2MF 606 $a28A35$xMeasures and integrals in product spaces [MSC 2020]$3VANC022371$2MF 606 $a28A10$xReal- or complex-valued set functions [MSC 2020]$3VANC022385$2MF 620 $aUS$dNew York$3VANL000011 700 1$aPfeffer$bWashek F.$3VANV042549$058179 712 $aDekker $3VANV108181$4650 801 $aIT$bSOL$c20240329$gRICA 899 $aBIBLIOTECA DEL DIPARTIMENTO DI MATEMATICA E FISICA$1IT-CE0120$2VAN08 912 $aVAN0053846 950 $aBIBLIOTECA DEL DIPARTIMENTO DI MATEMATICA E FISICA$d08PREST 28-XX 3244 $e08 2588 I 20061001 996 $aIntegrals and measures$934052 997 $aUNICAMPANIA